Hindī kī samasyāem̐ / (Record no. 67193)

MARC details
000 -LEADER
fixed length control field 00682cam a2200241 a 4500
001 - CONTROL NUMBER
control field sa 66000359
003 - CONTROL NUMBER IDENTIFIER
control field DLC
005 - DATE AND TIME OF LATEST TRANSACTION
control field 20260227112214.0
008 - FIXED-LENGTH DATA ELEMENTS--GENERAL INFORMATION
fixed length control field 890427s1963 ii 000 0 hino
010 ## - LIBRARY OF CONGRESS CONTROL NUMBER
LC control number sa 66000359
035 ## - SYSTEM CONTROL NUMBER
System control number (OCoLC)19614099
040 ## - CATALOGING SOURCE
Original cataloging agency DLC
Transcribing agency DLC
041 0# - LANGUAGE CODE
Language code of text/sound track or separate title hin
-- eng
043 ## - GEOGRAPHIC AREA CODE
Geographic area code a-ii---
050 00 - LIBRARY OF CONGRESS CALL NUMBER
Classification number PK1931
Item number .S197 1963
100 1# - MAIN ENTRY--PERSONAL NAME
Personal name Śarmā, Kāmeśvara,
Dates associated with a name 1926-
245 10 - TITLE STATEMENT
Title Hindī kī samasyāem̐ /
Statement of responsibility, etc. lekhaka, Kāmeśvara Śarmā.
260 ## - PUBLICATION, DISTRIBUTION, ETC.
Place of publication, distribution, etc. Paṭanā :
Name of publisher, distributor, etc. Novelṭī eṇḍa Kampanī,
Date of publication, distribution, etc. 1963.
300 ## - PHYSICAL DESCRIPTION
Extent 202 p. ;
Dimensions 22 cm.
546 ## - LANGUAGE NOTE
Language note In Hindi with passages in English.
650 #0 - SUBJECT ADDED ENTRY--TOPICAL TERM
Topical term or geographic name entry element Hindi language.
651 #0 - SUBJECT ADDED ENTRY--GEOGRAPHIC NAME
Geographic name India
General subdivision Languages.

No items available.

Powered by Koha